Statistics for Mario Party Boards Quiz

Click here to take the quiz!

General Stats

  • This quiz has been taken 70 times
  • The average score is 23 of 69

Answer Stats

HintAnswer% Correct
MP1Peach's Birthday Cake
89%
MP2Horror Land
64%
MP2Space Land
64%
MP1Yoshi's Tropical Island
64%
MP1Mario's Rainbow Castle
59%
MP2Western Land
59%
MP3Woody Woods
59%
MP2Bowser Land
55%
MP1Luigi's Engine Room
55%
MP2Pirate Land
55%
MP2Mystery Land
52%
MP1Bowser's Magma Mountain
50%
MP1Wario's Battle Canyon
48%
MP1DK's Jungle Adventure
45%
MP1Eternal Star
45%
MP8Goomba's Booty Boardwalk
43%
MP8Koopa's Tycoon Town
43%
MP8Shy Guy's Perplex Express
41%
MP6E. Gadd's Garage
39%
MP9Toad Road
39%
MP5Bowser Nightmare
36%
MP8Bowser's Warped Orbit
36%
MP3Creepy Cavern
36%
MP4Goomba's Greedy Gala
36%
MP3Spiny Desert
36%
MP5Sweet Dream
36%
MP5Toy Dream
36%
MP3Chilly Waters
34%
MP3Deep Bloober Sea
34%
MP5Pirate Dream
34%
MP3Waluigi Island
34%
MP7Grand Canal
32%
MP5Rainbow Dream
32%
MP7Windmillville
32%
MP6Faire Square
30%
MP9Magma Mine
30%
MP7Pagoda Peak
30%
MP6Snowflake Lake
30%
MP4Toad's Midway Madness
30%
MP5Undersea Dream
30%
MP4Boo's Haunted Bash
27%
MP6Castaway Bay
27%
MP6Clockwork Castle
27%
MP9Blooper Beach
25%
MP9Bowser Station
25%
MP5Future Dream
25%
MP8King Boo's Haunted Hideaway
25%
MP4Shy Guy's Jungle Jam
25%
MP9Bob-omb Factory
23%
MP4Bowser's Gnarly Party
23%
MP4Koopa's Seaside Soiree
23%
MP10Mushroom Park
23%
MP7Neon Heights
23%
MP8Dk's Treetop Temple
20%
MP7Pyramid Park
20%
MP6Towering Treetop
20%
MP10Whimsical Waters
20%
MP7Bowser's Enchanted Inferno
18%
MP10Chaos Castle
18%
MP10Airship Central
16%
MP9Boo's Horror Castle
16%
MP9DK's Jungle Ruins
16%
MP3Gate Guy
14%
MP10Haunted Trail
14%
MP3Mr. Mover
14%
MP3Blowhard
11%
MP3Arrowhead
9%
MP3Backtrack
9%
MP3Pipesqueak
9%

Score Distribution

Percentile by Number Answered

Percent of People with Each Score

Your Score History

You have not taken this quiz